[Event "4NCL Division 1b"]
[Site "Telford, ENG"]
[Date "2017.11.11"]
[Round "1.51"]
[White "Howell, David W L"]
[Black "Speelman, Jon S"]
[Result "1/2-1/2"]
[WhiteElo "2685"]
[BlackElo "2510"]
[PlyCount "89"]
[EventDate "2017.11.11"]
[WhiteTeam "Cheddleton 1"]
[BlackTeam "Wood Green HK"]

1. c4 e6 2. g3 d5 3. Bg2 Nf6 4. Nf3 Be7 5. O-O O-O 6. d4 dxc4 7. Ne5 Nc6 8.
Nxc6 bxc6 9. Na3 Bxa3 10. bxa3 Nd5 11. Qa4 Nb6 12. Qa5 Bb7 13. Rd1 Qc8 14. Rb1
Rd8 15. e4 Ba6 16. a4 c5 17. d5 exd5 18. exd5 Bb7 19. Qxc5 Nxa4 20. Qxc4 Nb6
21. Qc5 Qf5 22. Bf4 Rac8 23. a4 Ba8 24. Bxc7 h6 25. Rb5 Rxd5 26. Bxd5 Nxd5 27.
Qc4 Kh7 28. Rbxd5 Bxd5 29. Rxd5 Rxc7 30. Qxc7 Qb1+ 31. Kg2 Qe4+ 32. Kg1 Qb1+
33. Kg2 Qe4+ 34. f3 Qe2+ 35. Kg1 Qe1+ 36. Kg2 Qe2+ 37. Kh3 Qe6+ 38. g4 Qxd5 39.
Kg3 a5 40. h4 g5 41. h5 Kg7 42. Qc3+ Kg8 43. Qc8+ Kg7 44. Qc3+ Kg8 45. Qc8+
1/2-1/2

[Event "4NCL Division 1b"]
[Site "Telford, ENG"]
[Date "2017.11.11"]
[Round "1.52"]
[White "McDonald, Neil"]
[Black "Hawkins, Jonathan"]
[Result "0-1"]
[WhiteElo "2407"]
[BlackElo "2573"]
[PlyCount "64"]
[EventDate "2017.11.11"]
[WhiteTeam "Wood Green HK"]
[BlackTeam "Cheddleton 1"]

1. e4 e5 2. Nf3 Nc6 3. Bb5 a6 4. Ba4 d6 5. c3 f5 6. exf5 Bxf5 7. d4 e4 8. d5
exf3 9. dxc6 b5 10. Bb3 fxg2 11. Rg1 Qe7+ 12. Be3 Be4 13. a4 bxa4 14. Rxa4 Nf6
15. Nd2 Bxc6 16. Nf3 g6 17. Ra5 Rb8 18. Nd4 Bd7 19. Rxg2 c5 20. Ne2 Rb6 21. Rg3
Ne4 22. Rf3 Ng5 23. Rf4 Bg7 24. h4 Ne6 25. Re4 Be5 26. Ng3 Rf8 27. Qc2 Nf4 28.
Bxf4 Rxf4 29. Ba4 Rxe4+ 30. Nxe4 Qxh4 31. Bxd7+ Kxd7 32. Qe2 Qh1+ 0-1

[Event "4NCL Division 1b"]
[Site "Telford, ENG"]
[Date "2017.11.11"]
[Round "1.53"]
[White "Fodor, Tamas Jr"]
[Black "Fitzsimons, David"]
[Result "1-0"]
[WhiteElo "2490"]
[BlackElo "2337"]
[PlyCount "105"]
[EventDate "2017.11.11"]
[WhiteTeam "Cheddleton 1"]
[BlackTeam "Wood Green HK"]

1. d4 Nf6 2. Bg5 d5 3. Nd2 c5 4. e3 Nc6 5. c3 cxd4 6. exd4 Bf5 7. Qb3 Na5 8.
Qa4+ Bd7 9. Qc2 e6 10. Bd3 Bd6 11. Ngf3 h6 12. Bh4 Qb6 13. Ne5 Bb5 14. O-O Bxe5
15. Bxb5+ Qxb5 16. dxe5 Nd7 17. f4 Nc4 18. Nxc4 Qxc4 19. Rf3 Nxe5 20. fxe5 Qxh4
21. Qb3 O-O 22. Qxb7 Qh5 23. Raf1 Rab8 24. Qxa7 Rxb2 25. Re1 Qg4 26. Rg3 Qc4
27. a4 Rc8 28. Qe3 Kf8 29. Ra1 Ra8 30. h3 Rbb8 31. Rg4 Qc7 32. Qg3 g6 33. Rf1
Kg8 34. Qf4 h5 35. Rg3 Rb3 36. Rgf3 Ra7 37. Qg5 Qc8 38. Kh1 Rxc3 39. Rxc3 Qxc3
40. Rc1 d4 41. Rxc3 dxc3 42. Qd8+ Kg7 43. Qc8 Rxa4 44. Qxc3 h4 45. Qf3 Kg8 46.
Kg1 Ra1+ 47. Kf2 Ra2+ 48. Ke1 Rb2 49. Qe4 Ra2 50. Kf1 Ra5 51. Kf2 Ra2+ 52. Kf3
g5 53. Kg4 1-0

[Event "4NCL Division 1b"]
[Site "Telford, ENG"]
[Date "2017.11.11"]
[Round "1.54"]
[White "Valdes Escobar, Alvaro"]
[Black "Arkell, Keith C"]
[Result "0-1"]
[WhiteElo "2366"]
[BlackElo "2416"]
[PlyCount "98"]
[EventDate "2017.11.11"]
[WhiteTeam "Wood Green HK"]
[BlackTeam "Cheddleton 1"]

1. Nf3 d5 2. d4 Nf6 3. c4 e6 4. cxd5 exd5 5. Nc3 c6 6. Qc2 g6 7. Bg5 Be7 8. e3
Bf5 9. Bd3 Bxd3 10. Qxd3 Nbd7 11. O-O O-O 12. Rab1 a5 13. Rfc1 Re8 14. Qc2 Ne4
15. Nxe4 dxe4 16. Bxe7 Qxe7 17. Nd2 h5 18. a3 h4 19. b4 axb4 20. axb4 h3 21. b5
Rac8 22. bxc6 Rxc6 23. Qd1 Rxc1 24. Qxc1 Qg5 25. g3 Qd5 26. Qf1 Nf6 27. Qxh3
Qa2 28. Rd1 b5 29. Qf1 Rb8 30. f3 Nd5 31. Qe1 exf3 32. Nxf3 b4 33. Ra1 Qb3 34.
Rb1 Qc2 35. Rc1 Qe4 36. Nd2 Qd3 37. Nb1 Nxe3 38. Qd2 Qb3 39. Re1 Nd5 40. Qf2
Rc8 41. Nd2 Qd3 42. Rf1 Rc7 43. Nf3 Rc2 44. Ne5 Rxf2 45. Nxd3 Rd2 46. Ne5 b3
47. Rb1 b2 48. Nc4 Rc2 49. Na3 Rc3 0-1

[Event "4NCL Division 1b"]
[Site "Telford, ENG"]
[Date "2017.11.11"]
[Round "1.55"]
[White "Kirk, Ezra"]
[Black "Harvey, Marcus R"]
[Result "0-1"]
[WhiteElo "2408"]
[BlackElo "2341"]
[PlyCount "122"]
[EventDate "2017.11.11"]
[WhiteTeam "Cheddleton 1"]
[BlackTeam "Wood Green HK"]

1. e4 e6 2. d4 d5 3. Nc3 Nf6 4. Bg5 dxe4 5. Nxe4 Be7 6. Bxf6 gxf6 7. Qd2 f5 8.
Nc3 a6 9. g3 Qd6 10. Bg2 Nd7 11. O-O-O Nb6 12. Qd3 O-O 13. f4 Rd8 14. Nge2 Rb8
15. g4 Kh8 16. gxf5 exf5 17. Kb1 Qb4 18. a3 Qc4 19. d5 Qxd3 20. Rxd3 Nc4 21.
Nd4 Bf6 22. Bh3 Nd6 23. Re1 Bd7 24. Nf3 Re8 25. Ne5 Bxe5 26. fxe5 Nc4 27. Rd4
Rxe5 28. Rxe5 Nxe5 29. Rf4 Ng6 30. Rf2 Re8 31. Bxf5 Re1+ 32. Ka2 Bxf5 33. Rxf5
Kg7 34. Rf2 Re5 35. Kb3 f5 36. Kc4 Kf6 37. a4 f4 38. Ne2 Re4+ 39. Nd4 Ne5+ 40.
Kc3 Ng4 41. Rf3 Nxh2 42. Rh3 Re3+ 43. Rxe3 fxe3 44. Kd3 Ke5 45. c4 Ng4 46. b4
Nf2+ 47. Kxe3 Nd1+ 48. Kd3 Nb2+ 49. Kc3 Nxa4+ 50. Kd3 h5 51. Ne6 h4 52. Ke3 Nb6
53. Kd3 Kf5 54. Nd4+ Kg4 55. Nc2 h3 56. Ne3+ Kf4 57. Nf1 Ke5 58. Nh2 Nxd5 59.
cxd5 Kxd5 60. Ng4 c5 61. bxc5 Kxc5 0-1

[Event "4NCL Division 1b"]
[Site "Telford, ENG"]
[Date "2017.11.11"]
[Round "1.56"]
[White "Weaving, Richard"]
[Black "Eggleston, David J"]
[Result "1-0"]
[WhiteElo "2314"]
[BlackElo "2397"]
[PlyCount "99"]
[EventDate "2017.11.11"]
[WhiteTeam "Wood Green HK"]
[BlackTeam "Cheddleton 1"]

1. e4 c5 2. Nf3 d6 3. d4 Nf6 4. Nc3 cxd4 5. Nxd4 a6 6. Be3 e5 7. Nb3 Be6 8. f3
h5 9. Qd2 Nbd7 10. Be2 Rc8 11. O-O Be7 12. a4 h4 13. a5 Nh5 14. Nd5 Bxd5 15.
exd5 g6 16. c4 Kf8 17. Rfd1 Kg7 18. Rac1 f5 19. c5 f4 20. Bf2 h3 21. c6 hxg2
22. cxd7 Qxd7 23. Bb6 Qh3 24. Rxc8 Rxc8 25. Rc1 Rh8 26. Bd1 Nf6 27. Qxg2 Qxg2+
28. Kxg2 Nxd5 29. Bf2 Bh4 30. Bg1 Re8 31. Be2 Rd8 32. Nd2 Rd7 33. Nc4 Nb4 34.
Nb6 Rf7 35. Rc4 Nc6 36. b4 Rf8 37. Bd3 Be1 38. Nd5 Kf7 39. Kf1 Bh4 40. Be4 Rc8
41. Nb6 Rc7 42. Rc2 Bd8 43. Nd5 Rd7 44. Rg2 Ne7 45. Nxe7 Bxe7 46. Bd5+ Kf6 47.
Rc2 g5 48. Rc8 e4 49. Bd4+ Kf5 50. fxe4+ 1-0

[Event "4NCL Division 1b"]
[Site "Telford, ENG"]
[Date "2017.11.11"]
[Round "1.57"]
[White "Connell, Blair N"]
[Black "Littlewood, Paul E"]
[Result "0-1"]
[WhiteElo "2255"]
[BlackElo "2354"]
[PlyCount "70"]
[EventDate "2017.11.11"]
[WhiteTeam "Cheddleton 1"]
[BlackTeam "Wood Green HK"]

1. e4 e5 2. Nf3 Nc6 3. c3 Nf6 4. d4 Qe7 5. d5 Nb8 6. Bd3 d6 7. c4 g6 8. Nc3 Bg7
9. Rb1 O-O 10. b4 Nh5 11. O-O Nd7 12. Bc2 Kh8 13. c5 Ndf6 14. Ne2 Ne8 15. cxd6
cxd6 16. Nd2 f5 17. Nc4 f4 18. f3 g5 19. g4 Nhf6 20. h3 h5 21. Rb3 Rf7 22. Kg2
Bf8 23. Ng1 Rh7 24. Qe1 Bd7 25. Bd1 Qg7 26. Rf2 Qg6 27. Bb2 hxg4 28. hxg4 Bb5
29. Nd2 Qh6 30. Be2 Bd7 31. Kf1 Be7 32. Nc4 Bd8 33. Qa1 b5 34. Na5 Qh1 35. Rg2
Bb6 0-1

[Event "4NCL Division 1b"]
[Site "Telford, ENG"]
[Date "2017.11.11"]
[Round "1.58"]
[White "Srebrnic, Ana"]
[Black "Steil-Antoni, Fiona"]
[Result "1/2-1/2"]
[WhiteElo "2196"]
[BlackElo "2183"]
[PlyCount "20"]
[EventDate "2017.11.11"]
[WhiteTeam "Wood Green HK"]
[BlackTeam "Cheddleton 1"]

1. d4 f5 2. e4 fxe4 3. Nc3 Nf6 4. Bg5 g6 5. Bxf6 exf6 6. Nxe4 d5 7. Ng3 Qe7+ 8.
Qe2 Bh6 9. Qxe7+ Kxe7 10. Bd3 Kf7 1/2-1/2

[Event "4NCL Division 1b"]
[Site "Telford, ENG"]
[Date "2017.11.11"]
[Round "1.61"]
[White "Turner, Matthew J"]
[Black "Zhou, Yang-Fan"]
[Result "1-0"]
[WhiteElo "2545"]
[BlackElo "2461"]
[PlyCount "131"]
[EventDate "2017.11.11"]
[WhiteTeam "Barbican 4NCL 1"]
[BlackTeam "Guildford 2"]

1. Nf3 Nf6 2. g3 g6 3. Bg2 Bg7 4. O-O O-O 5. d3 Re8 6. e4 e5 7. Nc3 c6 8. d4
exd4 9. Nxd4 d6 10. Nb3 a5 11. a4 Bg4 12. Qd3 Na6 13. Bf4 d5 14. h3 Be6 15.
Rad1 Qc8 16. exd5 Nb4 17. Qd2 Nfxd5 18. Ne4 Rd8 19. Nbc5 Nxf4 20. Qxf4 Nxc2 21.
Rxd8+ Qxd8 22. Nxb7 Qb6 23. Nbc5 Nd4 24. Kh2 Qxb2 25. Rd1 Bd5 26. Nf6+ Bxf6 27.
Bxd5 Nf5 28. Bg2 Qb4 29. Ne4 Bd4 30. g4 Qe7 31. Kg1 Be5 32. Qg5 Qxg5 33. Nxg5
Nd4 34. Nf3 Nxf3+ 35. Bxf3 Rc8 36. Rd7 Kg7 37. Ra7 Bc3 38. Kg2 Bb4 39. Be2 Kf6
40. Bc4 Ke5 41. Rxf7 Kd4 42. Ba6 Rh8 43. h4 c5 44. Rf3 Ke5 45. Kg3 Bd2 46. Rf7
Ra8 47. Bb5 Rc8 48. Re7+ Kd4 49. Rxh7 c4 50. Rd7+ Kc3 51. g5 Be1 52. Re7 Kd2
53. Be8 c3 54. Bxg6 Rf8 55. Rd7+ Ke2 56. Bd3+ Kd1 57. Bf5+ Bd2 58. g6 c2 59.
Bxc2+ Kxc2 60. Rxd2+ Kxd2 61. h5 Rf5 62. f4 Rxh5 63. g7 Rh1 64. Kg2 Rh4 65.
g8=Q Rxf4 66. Qg5 1-0

[Event "4NCL Division 1b"]
[Site "Telford, ENG"]
[Date "2017.11.11"]
[Round "1.62"]
[White "Suarez Real, Alberto"]
[Black "Collins, Sam E"]
[Result "1/2-1/2"]
[WhiteElo "2447"]
[BlackElo "2441"]
[PlyCount "50"]
[EventDate "2017.11.11"]
[WhiteTeam "Guildford 2"]
[BlackTeam "Barbican 4NCL 1"]

1. e4 e5 2. Nf3 Nc6 3. d4 exd4 4. Nxd4 Nf6 5. Nc3 Bb4 6. Nxc6 bxc6 7. Bd3 d5 8.
exd5 O-O 9. O-O cxd5 10. h3 Re8 11. Qf3 Rb8 12. Bf4 Bd6 13. Nb5 Bxf4 14. Qxf4
Rb7 15. b3 a6 16. Nc3 c5 17. Na4 c4 18. Bf5 Bxf5 19. Qxf5 Rbe7 20. bxc4 Qa5 21.
Nb2 Qc3 22. Rab1 dxc4 23. Nd1 Qa3 24. Ne3 Qa4 25. Qc5 Qxa2 1/2-1/2

[Event "4NCL Division 1b"]
[Site "Telford, ENG"]
[Date "2017.11.11"]
[Round "1.63"]
[White "D'Costa, Lorin A R"]
[Black "Wadsworth, Matthew J"]
[Result "1/2-1/2"]
[WhiteElo "2392"]
[BlackElo "2350"]
[PlyCount "77"]
[EventDate "2017.11.11"]
[WhiteTeam "Barbican 4NCL 1"]
[BlackTeam "Guildford 2"]

1. c4 e5 2. Nc3 Bb4 3. Qc2 Nc6 4. Nf3 Bxc3 5. bxc3 d6 6. g3 f5 7. d4 e4 8. Nh4
Nf6 9. Bh3 Ne7 10. f3 O-O 11. Bg5 exf3 12. exf3 h6 13. Bd2 Nh7 14. Bf1 b6 15.
Bd3 Bb7 16. O-O Qd7 17. g4 Ng5 18. Bxg5 hxg5 19. Nxf5 Ng6 20. Rae1 Rae8 21. Be4
Bxe4 22. Rxe4 Rxe4 23. fxe4 Nf4 24. Qd1 g6 25. Ne3 Qe6 26. Qf3 Re8 27. Nd5 Nxd5
28. cxd5 Qxe4 29. Qf7+ Kh8 30. Qf6+ Kg8 31. Qf7+ Kh8 32. Qf6+ Kg8 33. h3 a5 34.
Kh2 Qc2+ 35. Rf2 Re2 36. Qf8+ Kh7 37. Qf7+ Kh8 38. Qf8+ Kh7 39. Qf7+ 1/2-1/2

[Event "4NCL Division 1b"]
[Site "Telford, ENG"]
[Date "2017.11.11"]
[Round "1.64"]
[White "Milliet, Sophie"]
[Black "Merry, Alan B"]
[Result "1-0"]
[WhiteElo "2377"]
[BlackElo "2422"]
[PlyCount "95"]
[EventDate "2017.11.11"]
[WhiteTeam "Guildford 2"]
[BlackTeam "Barbican 4NCL 1"]

1. e4 e6 2. d4 d5 3. Nc3 Nf6 4. e5 Nfd7 5. f4 c5 6. Nf3 Be7 7. Be3 b6 8. Qd2
O-O 9. h4 Nc6 10. Bb5 Bb7 11. O-O-O a6 12. Bd3 c4 13. Bxh7+ Kxh7 14. Ng5+ Kg8
15. Qe2 g6 16. g4 Qc7 17. Qh2 Kg7 18. f5 Rh8 19. f6+ Kf8 20. fxe7+ Kxe7 21.
Rdf1 Raf8 22. Rf4 Nd8 23. Rhf1 Nb8 24. Qf2 Ke8 25. Na4 Bc6 26. Nxb6 Qxb6 27.
Nxf7 Kd7 28. Nxh8 Rxh8 29. Rf8 Rxf8 30. Qxf8 c3 31. Qd6+ Kc8 32. bxc3 Nd7 33.
h5 gxh5 34. gxh5 Qa5 35. Qb4 Qxa2 36. Kd2 Ba4 37. Qb1 Qc4 38. h6 Nb6 39. h7
Bxc2 40. Kxc2 Qe2+ 41. Bd2 Nc4 42. Qe1 Qh5 43. Rh1 Qf5+ 44. Kc1 Na3 45. Kb2
Nc4+ 46. Ka1 Qc2 47. Qb1 Qxd2 48. Qc1 1-0

[Event "4NCL Division 1b"]
[Site "Telford, ENG"]
[Date "2017.11.11"]
[Round "1.65"]
[White "Taylor, Martin R"]
[Black "Kilpatrick, Callum"]
[Result "0-1"]
[WhiteElo "2367"]
[BlackElo "2354"]
[PlyCount "90"]
[EventDate "2017.11.11"]
[WhiteTeam "Barbican 4NCL 1"]
[BlackTeam "Guildford 2"]

1. c4 Nf6 2. g3 g6 3. Bg2 Bg7 4. Nc3 O-O 5. d3 d6 6. Bg5 h6 7. Bd2 e5 8. e4
Nbd7 9. Nge2 Nc5 10. Qc2 a5 11. O-O c6 12. f4 b5 13. h3 bxc4 14. dxc4 exf4 15.
Bxf4 Ne6 16. Be3 Ng5 17. Nf4 Re8 18. Rfe1 Qe7 19. Bf2 Nd7 20. h4 Ne6 21. Ncd5
Qd8 22. Nxe6 Rxe6 23. Nf4 Re8 24. Rad1 Qe7 25. Nd3 Ne5 26. Nxe5 Bxe5 27. Rd3 c5
28. Qd2 Kg7 29. Ra3 a4 30. b4 Be6 31. bxc5 dxc5 32. Qc2 Reb8 33. Rxa4 Rxa4 34.
Qxa4 Rb4 35. Qa3 Rxc4 36. Rc1 Rxc1+ 37. Qxc1 c4 38. Qc2 Qb4 39. Bf1 c3 40. Be2
Qb2 41. Bd1 Bxa2 42. Qa4 Kh7 43. h5 gxh5 44. Bd4 Bxd4+ 45. Qxd4 c2 0-1

[Event "4NCL Division 1b"]
[Site "Telford, ENG"]
[Date "2017.11.11"]
[Round "1.66"]
[White "Buckley, Graeme N"]
[Black "Sanders, Isaac B"]
[Result "1-0"]
[WhiteElo "2343"]
[BlackElo "2350"]
[PlyCount "61"]
[EventDate "2017.11.11"]
[WhiteTeam "Guildford 2"]
[BlackTeam "Barbican 4NCL 1"]

1. b4 e6 2. Bb2 Nf6 3. a3 b6 4. e3 c5 5. Qf3 d5 6. bxc5 Bxc5 7. c4 Bb7 8. Nh3
Qc7 9. Nf4 Bd6 10. Nh5 Nxh5 11. Qxh5 O-O 12. Nc3 Nd7 13. Nb5 Qb8 14. cxd5 Bxd5
15. Rc1 a6 16. Nxd6 Qxd6 17. Bd3 f5 18. Be2 Ne5 19. Qg5 Ng6 20. h4 f4 21. Bd3
Rf7 22. h5 Ne7 23. h6 g6 24. O-O Raf8 25. e4 Bb7 26. Bb1 Nc6 27. Ba2 Qxd2 28.
Rb1 Qd7 29. Rfd1 Qe7 30. Qg4 Bc8 31. Qf3 1-0

[Event "4NCL Division 1b"]
[Site "Telford, ENG"]
[Date "2017.11.11"]
[Round "1.67"]
[White "Griffiths, Ryan Rhys"]
[Black "Kalaiyalahan, Akshaya"]
[Result "1-0"]
[WhiteElo "2356"]
[BlackElo "2185"]
[PlyCount "83"]
[EventDate "2017.11.11"]
[WhiteTeam "Barbican 4NCL 1"]
[BlackTeam "Guildford 2"]

1. c4 Nf6 2. g3 g6 3. Bg2 Bg7 4. Nc3 O-O 5. e4 c5 6. Nge2 Nc6 7. O-O Ne8 8. d3
Nc7 9. a3 Ne6 10. Rb1 d6 11. b4 Ned4 12. Be3 Rb8 13. h3 Bd7 14. Kh2 a6 15. b5
Nxe2 16. Nxe2 axb5 17. cxb5 Nd4 18. Nxd4 Bxd4 19. Bxd4 cxd4 20. Qb3 e5 21. Qb4
Be6 22. Rfc1 d5 23. Rc5 dxe4 24. Bxe4 f5 25. Bg2 e4 26. Re1 Qd7 27. dxe4 fxe4
28. Rxe4 Rxf2 29. Rxd4 Qg7 30. Rd2 Rbf8 31. Rcc2 R2f7 32. b6 Qh6 33. Re2 Bd7
34. Qd4 Bf5 35. Rc7 Bxh3 36. Bxh3 Rf1 37. Qd5+ Kh8 38. Qd4+ Kg8 39. Qh4 R8f2+
40. Rxf2 Rxf2+ 41. Kg1 Qe3 42. Qxh7+ 1-0

[Event "4NCL Division 1b"]
[Site "Telford, ENG"]
[Date "2017.11.11"]
[Round "1.68"]
[White "Granat, Russell G"]
[Black "Bhatia, Kanwal K"]
[Result "1-0"]
[WhiteElo "2183"]
[BlackElo "2080"]
[PlyCount "97"]
[EventDate "2017.11.11"]
[WhiteTeam "Guildford 2"]
[BlackTeam "Barbican 4NCL 1"]

1. e4 e5 2. Nf3 Nc6 3. Bb5 a6 4. Ba4 Nf6 5. O-O Be7 6. Qe2 b5 7. Bb3 O-O 8. c3
d6 9. d4 exd4 10. cxd4 Bg4 11. Rd1 d5 12. e5 Ne4 13. Nc3 Nxc3 14. bxc3 Bf5 15.
Bc2 Bxc2 16. Qxc2 Qd7 17. a4 f6 18. Qe2 fxe5 19. dxe5 bxa4 20. e6 Qe8 21. Rxd5
Bd6 22. Qe4 h6 23. Bd2 Rf6 24. Re1 a3 25. Rf5 Rxf5 26. Qxf5 Rb8 27. Qg4 Kh8 28.
Qc4 a5 29. g3 Ne7 30. Nd4 a4 31. Ra1 Ng6 32. Nf5 Ne5 33. Qd5 Qh5 34. Nd4 Rb2
35. Bf4 a2 36. Bxe5 Qxe5 37. Qxe5 Bxe5 38. Rxa2 Rb1+ 39. Kg2 Bf6 40. Rxa4 Re1
41. Ra6 Kg8 42. Rc6 Be5 43. f4 Bd6 44. f5 Kf8 45. Nb5 Re5 46. Nxc7 Ke7 47. g4
h5 48. c4 Ba3 49. Nd5+ 1-0

[Event "4NCL Division 1b"]
[Site "Telford, ENG"]
[Date "2017.11.11"]
[Round "1.71"]
[White "Rudd, Jack"]
[Black "Greet, Andrew N"]
[Result "1-0"]
[WhiteElo "2270"]
[BlackElo "2460"]
[PlyCount "101"]
[EventDate "2017.11.11"]
[WhiteTeam "West is Best 1"]
[BlackTeam "Alba"]

1. c4 e6 2. Nc3 d5 3. d4 Bb4 4. e3 Nf6 5. Bd3 O-O 6. Nge2 c5 7. O-O cxd4 8.
exd4 dxc4 9. Bxc4 Nc6 10. a3 Bxc3 11. bxc3 b6 12. Bg5 Bb7 13. Qd3 Rc8 14. f4 h6
15. Bh4 Na5 16. Ba2 Be4 17. Qxe4 Nxe4 18. Bxd8 Rfxd8 19. f5 exf5 20. Rxf5 Nc4
21. Raf1 Rd7 22. R1f3 g6 23. R5f4 f5 24. g4 Nf6 25. gxf5 g5 26. Rg3 Nh5 27. Re4
Nxg3 28. Nxg3 Kf8 29. Re6 Nxa3 30. Ne4 Nc4 31. Rxh6 Kg7 32. Rg6+ Kh8 33. f6 Kh7
34. Rxg5 Kh6 35. Rg3 Nd6 36. Nf2 Rdc7 37. Ng4+ Kh5 38. Be6 Rf8 39. Re3 a5 40.
Re5+ Kg6 41. h4 Ne4 42. h5+ Kh7 43. Bf5+ Kh8 44. Bxe4 a4 45. Re7 Rxe7 46. fxe7
Re8 47. Ne5 Kg7 48. Nc6 a3 49. Bb1 Kf6 50. Ba2 Rc8 51. d5 1-0

[Event "4NCL Division 1b"]
[Site "Telford, ENG"]
[Date "2017.11.11"]
[Round "1.72"]
[White "Sreeves, Clement"]
[Black "Cooper, John G"]
[Result "0-1"]
[WhiteElo "2405"]
[BlackElo "2266"]
[PlyCount "80"]
[EventDate "2017.11.11"]
[WhiteTeam "Alba"]
[BlackTeam "West is Best 1"]

1. e4 c5 2. Nf3 g6 3. d4 cxd4 4. Nxd4 Bg7 5. Nc3 Nc6 6. Be3 Nf6 7. Bc4 Qa5 8.
O-O O-O 9. Bb3 d6 10. h3 Bd7 11. f4 Nxd4 12. Bxd4 Bc6 13. Qe2 Qb4 14. Rad1 Nxe4
15. Bxg7 Kxg7 16. Nxe4 Qxe4 17. Qxe4 Bxe4 18. Rfe1 f5 19. Bd5 Bxd5 20. Rxd5 Kf7
21. g4 Rac8 22. Rd2 Rc4 23. Rde2 Re8 24. Rf2 Rec8 25. c3 b5 26. Kg2 a5 27. Kf3
b4 28. cxb4 axb4 29. Ree2 Ra8 30. gxf5 gxf5 31. Rg2 Kf6 32. Rd2 Rxa2 33. Rg8 b3
34. Rf8+ Ke6 35. Rb8 Rc2 36. Rd3 Raxb2 37. Re3+ Kd5 38. Rxe7 Rc3+ 39. Re3 Rxe3+
40. Kxe3 Rh2 0-1

[Event "4NCL Division 1b"]
[Site "Telford, ENG"]
[Date "2017.11.11"]
[Round "1.73"]
[White "Toma, Katarzyna"]
[Black "McKay, Roderick M"]
[Result "1/2-1/2"]
[WhiteElo "2258"]
[BlackElo "2312"]
[PlyCount "66"]
[EventDate "2017.11.11"]
[WhiteTeam "West is Best 1"]
[BlackTeam "Alba"]

1. e4 c5 2. Nf3 e6 3. d4 cxd4 4. Nxd4 Nc6 5. Nxc6 dxc6 6. Bd3 e5 7. Nd2 Nf6 8.
Nc4 Be6 9. Qe2 Nd7 10. a4 Qc7 11. O-O Nc5 12. Rd1 Be7 13. Be3 O-O 14. Bxc5 Bxc5
15. c3 Rfd8 16. b4 Be7 17. a5 b5 18. Ne3 g6 19. c4 a6 20. cxb5 axb5 21. Qb2 Rd7
22. Be2 Rxd1+ 23. Rxd1 h5 24. Qc3 Ra7 25. Rc1 Qd6 26. Qxc6 Qxc6 27. Rxc6 Bxb4
28. a6 Bd7 29. Rb6 Bc5 30. Rb8+ Kg7 31. Bxb5 Bd6 32. Rd8 Bxb5 33. Rxd6 Rxa6
1/2-1/2

[Event "4NCL Division 1b"]
[Site "Telford, ENG"]
[Date "2017.11.11"]
[Round "1.74"]
[White "Berry, Neil"]
[Black "Redmond, John P"]
[Result "1-0"]
[WhiteElo "2283"]
[BlackElo "2182"]
[PlyCount "117"]
[EventDate "2017.11.11"]
[WhiteTeam "Alba"]
[BlackTeam "West is Best 1"]

1. d4 e6 2. c4 Nf6 3. g3 d5 4. Nf3 Bb4+ 5. Bd2 Bd6 6. Nc3 c6 7. Qc2 Nbd7 8. e4
dxe4 9. Nxe4 Nxe4 10. Qxe4 O-O 11. Bd3 Nf6 12. Qh4 Be7 13. O-O-O b6 14. Bg5 g6
15. Ne5 Bb7 16. Ng4 Nd5 17. Bxe7 Nxe7 18. Qf6 Nf5 19. Bxf5 Qxf6 20. Nxf6+ Kg7
21. Nxh7 Kxh7 22. Be4 Rad8 23. h4 Kg7 24. f4 Rd7 25. Rh2 Rfd8 26. Rhd2 Kf6 27.
Kc2 Ke7 28. Kc3 a5 29. b3 Kf6 30. a4 Rb8 31. Bf3 Rc7 32. Re1 Ba6 33. Re5 Rd8
34. c5 b5 35. axb5 Bxb5 36. Re1 Rcd7 37. Ra1 Ra7 38. Be4 Ke7 39. Rda2 Rad7 40.
Rd2 Ra7 41. Ra3 Kf6 42. Rda2 Rad7 43. Rd2 Ra7 44. Bf3 Kg7 45. Ra1 Kf6 46. g4
Rh8 47. Rh2 Rd8 48. Be4 Rh8 49. Bc2 Rd8 50. g5+ Kg7 51. h5 gxh5 52. Rxh5 Rh8
53. Rxh8 Kxh8 54. Kd2 Ra8 55. Ke3 Kg7 56. Rh1 Rd8 57. Rh7+ Kg8 58. g6 Rd7 59.
Ke4 1-0

[Event "4NCL Division 1b"]
[Site "Telford, ENG"]
[Date "2017.11.11"]
[Round "1.75"]
[White "Blackburn, Jonathan L B"]
[Black "Burnett, Andrew"]
[Result "1-0"]
[WhiteElo "2189"]
[BlackElo "2208"]
[PlyCount "179"]
[EventDate "2017.11.11"]
[WhiteTeam "West is Best 1"]
[BlackTeam "Alba"]

1. d4 Nf6 2. c4 g6 3. f3 Bg7 4. e4 d6 5. Nc3 O-O 6. Nge2 Nc6 7. Be3 a6 8. d5
Ne5 9. Nd4 c5 10. Nc2 b5 11. cxb5 axb5 12. Bxb5 Ba6 13. Bxa6 Rxa6 14. Qe2 Qa8
15. O-O Rb8 16. Rab1 e6 17. dxe6 fxe6 18. b4 cxb4 19. Rxb4 Rxb4 20. Nxb4 Ra3
21. Nb1 Ra4 22. a3 d5 23. exd5 Nxd5 24. Nxd5 exd5 25. f4 Nc4 26. Bc5 Qc6 27.
Qf2 Nd6 28. Bb4 Ne4 29. Qe3 Qc4 30. Rd1 Ra8 31. Qd3 Qxd3 32. Rxd3 Rc8 33. Rd1
d4 34. g3 Rc2 35. Re1 Nf6 36. Nd2 Nd5 37. Nf3 Ne3 38. Bd2 Bf8 39. Rc1 Ra2 40.
Bb4 Bxb4 41. axb4 d3 42. Re1 Nd5 43. b5 Nc3 44. b6 Rb2 45. Re8+ Kg7 46. Re7+
Kf6 47. Rd7 Rb1+ 48. Kg2 Rb2+ 49. Kg1 Rb1+ 50. Kf2 Nd1+ 51. Kg2 Rb2+ 52. Kg1
Rxb6 53. Ng5 Kf5 54. h3 h5 55. Rf7+ Rf6 56. Re7 Ra6 57. Rf7+ Rf6 58. Rd7 Rc6
59. Rxd3 Nc3 60. Rd7 Ne2+ 61. Kf2 Nxf4 62. gxf4 Kxf4 63. Nf3 Rc2+ 64. Nd2 g5
65. Rf7+ Ke5 66. Ke2 Ra2 67. Rh7 h4 68. Rf7 Ke6 69. Rf3 Ra4 70. Nb3 Ke5 71. Nc5
Ra2+ 72. Ke3 Ra3+ 73. Nd3+ Ke6 74. Rf1 Rb3 75. Kd4 Ra3 76. Re1+ Kf5 77. Re5+
Kf6 78. Rb5 Ra4+ 79. Nb4 Kg6 80. Ke4 Ra3 81. Nd3 Ra4+ 82. Kf3 Ra3 83. Rd5 Rc3
84. Rd4 Kf5 85. Ke3 Ra3 86. Rc4 Kf6 87. Ke4 Rb3 88. Rc6+ Kg7 89. Rd6 Rb5 90.
Rd5 1-0

[Event "4NCL Division 1b"]
[Site "Telford, ENG"]
[Date "2017.11.11"]
[Round "1.76"]
[White "Findlay, David John"]
[Black "Kett, Tim"]
[Result "1-0"]
[WhiteElo "2167"]
[BlackElo "2215"]
[PlyCount "119"]
[EventDate "2017.11.11"]
[WhiteTeam "Alba"]
[BlackTeam "West is Best 1"]

1. e4 e5 2. Nc3 Nf6 3. g3 d5 4. exd5 Nxd5 5. Bg2 Nxc3 6. bxc3 Nc6 7. Nf3 Bc5 8.
O-O O-O 9. Qe2 Qf6 10. d3 Bg4 11. h3 Bh5 12. Qe4 Bb6 13. Ng5 Bg6 14. Qc4 Rfe8
15. Rb1 h6 16. Ne4 Qe7 17. Be3 Na5 18. Qb4 f5 19. Qxe7 Rxe7 20. Nd2 Rf8 21.
Rfe1 Bf7 22. c4 Rfe8 23. Nb3 Nxb3 24. axb3 c6 25. Ra1 f4 26. Bxb6 axb6 27. Be4
g5 28. Kg2 Kg7 29. b4 Kf6 30. b5 Rc8 31. bxc6 bxc6 32. Ra6 Bg6 33. Bxg6 Kxg6
34. Rxb6 Kf5 35. g4+ Ke6 36. Reb1 Kd6 37. Rb7 Rxb7 38. Rxb7 Ra8 39. Rh7 Ra2 40.
Rxh6+ Kc5 41. Re6 Kd4 42. Rxc6 Rxc2 43. Rd6+ Kc3 44. Rd5 Re2 45. c5 Kd2 46. h4
Ke1 47. hxg5 Rxf2+ 48. Kh3 Re2 49. c6 e4 50. dxe4 Rxe4 51. g6 Re3+ 52. Kh4 f3
53. Rf5 f2 54. g7 Re8 55. Kh5 Rc8 56. g5 f1=Q 57. Rxf1+ Kxf1 58. Kh6 Rxc6+ 59.
Kh7 Rc7 60. Kh8 1-0

[Event "4NCL Division 1b"]
[Site "Telford, ENG"]
[Date "2017.11.11"]
[Round "1.77"]
[White "Phillips, Roy"]
[Black "White, Stuart A"]
[Result "1/2-1/2"]
[WhiteElo "2193"]
[BlackElo "2098"]
[PlyCount "165"]
[EventDate "2017.11.11"]
[WhiteTeam "West is Best 1"]
[BlackTeam "Alba"]

1. d4 d5 2. Nf3 Nf6 3. c4 c6 4. Nbd2 Bf5 5. e3 e6 6. Be2 Nbd7 7. O-O h6 8. b3
Be7 9. Bb2 O-O 10. Ne5 Nxe5 11. dxe5 Nd7 12. cxd5 cxd5 13. Nf3 Qb6 14. Bd3 Bxd3
15. Qxd3 Rac8 16. Rfc1 Nb8 17. Qe2 Nc6 18. h3 Rfd8 19. Rc3 Nb4 20. Rac1 Rxc3
21. Bxc3 Rc8 22. Kh2 Nc6 23. Qd2 Qd8 24. Qe1 Rc7 25. Qd2 Qc8 26. Bb2 Nb4 27.
Rxc7 Qxc7 28. Bd4 b5 29. g3 a6 30. Bc3 Nc6 31. Kg2 b4 32. Bb2 Na7 33. Bd4 Nb5
34. Ne1 Nc3 35. Nd3 Qa5 36. a3 Ne4 37. axb4 Nxd2 38. bxa5 Nxb3 39. Bb6 Kf8 40.
Nb2 Bb4 41. Nd3 Bxa5 42. Bxa5 Nxa5 43. Nc5 Nc4 44. Nxa6 Nxe5 45. f4 Nc4 46. Kf3
Ke7 47. Nc7 Nd6 48. Na6 Ne4 49. Nb4 Kd6 50. Nc2 f6 51. Nd4 g6 52. Nb3 e5 53. h4
Nc5 54. Nd2 d4 55. e4 Ke6 56. Nc4 h5 57. fxe5 fxe5 58. Nd2 Kf6 59. g4 Nd3 60.
Nb3 Ke7 61. gxh5 gxh5 62. Nd2 Kd6 63. Ke2 Nf4+ 64. Kd1 Ng6 65. Nf3 Kc5 66. Kd2
Kc4 67. Kc2 d3+ 68. Kd2 Nf4 69. Nxe5+ Kd4 70. Nd7 Kxe4 71. Nf6+ Kd4 72. Ne8 Nd5
73. Ng7 Nf4 74. Ne8 Ng2 75. Ng7 Nxh4 76. Nxh5 Nf3+ 77. Kd1 Ke3 78. Ng3 Ne5 79.
Nf5+ Ke4 80. Ng3+ Kd4 81. Ne2+ Ke3 82. Nc1 d2 83. Nb3 1/2-1/2